000 00480nam a22000977a 4500
008 160502b xxu||||| |||| 00| 0 eng d
100 _aBrofos, Frederick
245 _aNorwegian railway and steamship parcel stamps
260 _bScandinavian Collectors Club
_c1964
650 _aNorway | Cinderella Material | Railway Parcel Stamps | Steamship Parcel Stamps | Railway Stamps | Railway Mail | Steamship Issues | Parcel Post | Shipping Companies and Packet Service | Locals and Private Posts
999 _c1967
_d1967